| 000 | 01959nam a22003614a 4500 | ||
|---|---|---|---|
| 001 | ebr10273228 | ||
| 003 | CaPaEBR | ||
| 006 | m u | ||
| 007 | cr cn||||||||| | ||
| 008 | 080320s2009 enka sb 001 0 eng | ||
| 010 | _z 2008012835 | ||
| 016 | 7 |
_z101469296 _2DNLM |
|
| 020 | _z9780195326703 (alk. paper) | ||
| 020 | _z0195326709 (alk. paper) | ||
| 040 |
_aCaPaEBR _cCaPaEBR |
||
| 035 | _a(OCoLC)311040349 | ||
| 050 | 1 | 4 |
_aQP383 _b.G78 2009eb |
| 082 | 0 | 4 |
_a612.8/252 _222 |
| 100 | 1 |
_aGraziano, Michael S. A., _d1967- |
|
| 245 | 1 | 4 |
_aThe intelligent movement machine _h[electronic resource] : _ban ethological perspective on the primate motor system / _cMichael S.A. Graziano. |
| 260 |
_aOxford ; _aNew York : _bOxford University Press, _c2009. |
||
| 300 |
_aix, 224 p. : _bill. |
||
| 504 | _aIncludes bibliographical references (p.199-217) and index. | ||
| 505 | 0 | _aEarly experiments on motor cortex -- An integrative map of the body -- Hierarchy in the cortical motor system -- Neuronal control of movement -- What can be learned from electrical stimulation? -- Complex movements evoked by electrical stimulation of motor cortex -- The match between natural neuronal properties and stimulation-evoked movement -- The movement repertoire of monkeys -- Dimensionality reduction as a theory of motor cortex organization -- Feedback remapping and the cortical-spinal-muscular system -- Social implications of motor control. | |
| 533 |
_aElectronic reproduction. _bPalo Alto, Calif. : _cebrary, _d2013. _nAvailable via World Wide Web. _nAccess may be limited to ebrary affiliated libraries. |
||
| 650 | 0 |
_aMotor cortex _xPhysiology. |
|
| 650 | 0 | _aHuman locomotion. | |
| 650 | 0 | _aAnimal locomotion. | |
| 650 | 0 |
_aPrimates _xPhysiology. |
|
| 655 | 7 |
_aElectronic books. _2local |
|
| 710 | 2 | _aebrary, Inc. | |
| 856 | 4 | 0 |
_uhttp://site.ebrary.com/lib/rucke/Doc?id=10273228 _zAn electronic book accessible through the World Wide Web; click to view |
| 999 |
_c6783 _d6783 |
||